[Event "Proclient Cup"]
[Site "Olomouc CZE"]
[Date "2002.07.31"]
[Round "1"]
[White "Chytilek,R"]
[Black "Suran,J"]
[Result "1/2-1/2"]
[WhiteElo "2380"]
[BlackElo "2404"]

1.Nf3 Nf6 2.c4 g6 3.Nc3 c5 4.d4 cxd4 5.Nxd4 Nc6 6.e4 d6 7.Be2 Nxd4 8.Qxd4 Bg7
9.Be3 O-O 10.Qd2 Be6 11.O-O Qa5 12.f3 Rfc8 13.b3 a6 14.Rac1 b5 15.Nd5 Qxd2
16.Bxd2 Nxd5 17.cxd5 Bd4+ 18.Kh1 Bd7  1/2-1/2

[Event "Lost Boys Open"]
[Site "Amsterdam NED"]
[Date "2002.08.01"]
[Round "7"]
[White "Piceu,T"]
[Black "Afek,Y"]
[Result "0-1"]
[WhiteElo "2173"]
[BlackElo "2329"]

1.c4 c5 2.Nc3 Nf6 3.Nf3 g6 4.d4 cxd4 5.Nxd4 Bg7 6.e4 Nc6 7.Be3 O-O 8.Be2 d6
9.O-O Bd7 10.h3 h6 11.Qd2 Qa5 12.Rad1 Rfc8 13.b3 b5 14.Nxc6 Bxc6 15.Bd4 e5
16.Be3 b4 17.Nd5 Bxd5 18.exd5 Ne4 19.Qc2 Nc3 20.Rd2 f5 21.g3 Rf8 22.f3 f4
23.gxf4 exf4 24.Bf2 Qd8 25.Bd3 Qg5+ 26.Kh2 Rae8 27.Rg1 Qh5 28.Rg4 Re3 29.Bxe3 fxe3
30.Rdg2 Rxf3 31.h4 Rf2 32.Rxf2 Qxg4 33.Rg2 Qxh4+ 34.Kg1 e2 35.Rxe2 Bd4+ 36.Kg2 Qg4+
37.Kh2 Nxe2 38.Bxe2 Be5+ 39.Kh1 Qh3+  0-1

[Event "Lost Boys Open"]
[Site "Amsterdam NED"]
[Date "2002.08.02"]
[Round "8"]
[White "Shchekachev,A"]
[Black "Shirazi,K"]
[Result "1-0"]
[WhiteElo "2546"]
[BlackElo "2448"]

1.Nf3 Nf6 2.c4 c5 3.Nc3 d5 4.cxd5 Nxd5 5.e4 Nb4 6.Bb5+ N8c6 7.d4 cxd4 8.a3 Qb6
9.Bxc6+ Nxc6 10.Nd5 Qd8 11.Bf4 e5 12.Bxe5 Nxe5 13.Nxe5 Bd6 14.Qxd4 O-O 15.O-O f5
16.Rad1 Qh4 17.f4 fxe4 18.Nb6 axb6 19.Qxd6 Qf6 20.Qd5+ Kh8 21.Qxe4 b5 22.Rf3 Ra4
23.b4 Ra6 24.Qd5 Rb6 25.h3 Bf5 26.g4 Bc8 27.Kh2 Re6 28.Qxb5 b6 29.Kg3 Rfe8
30.Rd6 Bb7 31.Qxe8+ Rxe8 32.Rxf6 Bxf3 33.Rxb6 Bd5 34.Rd6 Ba2 35.a4 g5 36.a5 gxf4+
37.Kxf4 Rb8 38.Rb6 Rf8+ 39.Kg5 Rg8+ 40.Kf6 h5 41.Ng6+  1-0

[Event "8th Open"]
[Site "Chambery FRA"]
[Date "2002.08.02"]
[Round "1"]
[White "Horvath,Jo"]
[Black "Mourot,F"]
[Result "1-0"]
[WhiteElo "2535"]
[BlackElo "2057"]

1.c4 Nf6 2.Nf3 c5 3.Nc3 e6 4.g3 b6 5.Bg2 Bb7 6.O-O Be7 7.Re1 d6 8.e4 a6 9.d4 cxd4
10.Nxd4 Qc7 11.Be3 Nbd7 12.Rc1 O-O 13.f4 Rfe8 14.g4 Nf8 15.g5 N6d7 16.h4 Rac8
17.b3 Qb8 18.h5 Qa8 19.Rc2 Nc5 20.Bc1 Red8 21.f5 Ncd7 22.h6 d5 23.hxg7 dxc4
24.bxc4 Bc5 25.Be3 Kxg7 26.Qh5 Bxd4 27.Bxd4+ e5 28.Qh6+ Kh8 29.Bh3 exd4 30.f6 Ne6
31.Rh2 Qb8 32.Bxe6 Qg3+ 33.Kf1 Qf3+ 34.Rf2 Qd3+ 35.Ree2 Rg8 36.Rh2 Qf3+ 37.Ref2 Qd3+
38.Kg1 Qg3+ 39.Kf1 Qd3+ 40.Kg1 Qg3+ 41.Rhg2 Qxc3 42.g6  1-0

[Event "Somes Open"]
[Site "Satu-Mare ROM"]
[Date "2002.08.03"]
[Round "9"]
[White "Ionescu,M"]
[Black "Soltanici,R"]
[Result "1/2-1/2"]
[WhiteElo "2405"]
[BlackElo "2426"]

1.Nf3 c5 2.c4 Nf6 3.Nc3 e6 4.g3 b6 5.Bg2 Bb7 6.O-O a6 7.Re1 Be7 8.e4 d6 9.d4 cxd4
10.Nxd4 Qc7 11.Be3 Nbd7 12.Rc1 O-O 13.f4 Rfe8 14.Bf2 h5 15.h3 g6 16.Bf3 Bf8
17.b3 Rac8 18.e5 dxe5 19.fxe5 Nh7 20.Bxb7 Qxb7 21.Nf3  1/2-1/2

[Event "Proclient Cup"]
[Site "Olomouc CZE"]
[Date "2002.08.04"]
[Round "5"]
[White "Chytilek,R"]
[Black "Ptacnikova,L"]
[Result "1-0"]
[WhiteElo "2380"]
[BlackElo "2203"]

1.Nf3 Nf6 2.c4 c5 3.Nc3 d5 4.cxd5 Nxd5 5.e4 Nb4 6.Bc4 e6 7.O-O Be7 8.d4 cxd4
9.Nxd4 O-O 10.Be3 N8c6 11.a3 Nxd4 12.axb4 Nc6 13.b5 Ne5 14.Be2 b6 15.Qxd8 Bxd8
16.Ra2 Re8 17.Rfa1 Re7 18.f4 Ng6 19.Kf2 f6 20.g3 Kf8 21.Bf3 Kg8 22.h4 Kf7
23.h5 Nf8 24.g4 Rd7 25.Ra4 Ke7 26.e5 Bb7 27.Bc6 Rc7 28.exf6+ gxf6 29.Bxb6 axb6
30.Rxa8 Bxa8 31.Rxa8 h6 32.f5 Rxc6 33.bxc6 Bc7 34.Nb5  1-0

[Event "ch-AUT"]
[Site "Oberpullendorf AUT"]
[Date "2002.08.10"]
[Round "1"]
[White "Wiedner,R"]
[Black "Mahdi,K"]
[Result "1/2-1/2"]
[WhiteElo "2235"]
[BlackElo "2376"]

1.c4 Nf6 2.Nc3 c5 3.Nf3 g6 4.d4 Bg7 5.d5 d6 6.Bg5 h6 7.Bd2 Na6 8.e4 O-O 9.Bd3 e6
10.O-O exd5 11.exd5 Nc7 12.Qc2 Bg4 13.Rae1 Bxf3 14.gxf3 Qd7 15.Ne4 Nxe4 16.Rxe4 f5
17.Re2 Rfe8 18.Rfe1 Rxe2 19.Rxe2 Re8 20.Be3 b6 21.b3 Kf7 22.h4 h5 23.Bg5 Rxe2
24.Qxe2 Ne8 25.f4 Bd4 26.Kf1 Nf6 27.f3 Qe8 28.Qxe8+ Kxe8 29.Kg2 Nd7 30.Bc2 a6
31.a3 Bb2 32.a4 Bc3 33.Kf2 Bd4+ 34.Ke2 Nf6 35.Bd3 Nh7 36.Kf1 Bc3 37.Kg2  1/2-1/2

[Event "15th Open"]
[Site "Kiel GER"]
[Date "2002.08.11"]
[Round "3"]
[White "Starostits,I"]
[Black "Voelzke,F"]
[Result "0-1"]
[WhiteElo "2442"]
[BlackElo "2195"]

1.c4 c5 2.Nc3 Nf6 3.Nf3 e6 4.g3 b6 5.Bg2 Bb7 6.O-O Be7 7.Re1 d6 8.e4 Nbd7
9.d4 cxd4 10.Nxd4 Qb8 11.Nd5 Bd8 12.Nb4 O-O 13.Nbc6 Bxc6 14.Nxc6 Qc7 15.Nxd8 Raxd8
16.b3 e5 17.Bb2 a6 18.Qe2 Nc5 19.Rad1 Rb8 20.Rd2 b5 21.cxb5 axb5 22.f4 Rfe8
23.Kh1 Qe7 24.f5 Rec8 25.Rc2 b4 26.Bc1 Qb7 27.Bd2 Ncd7 28.Rec1 Rxc2 29.Rxc2 Nc5
30.g4 h6 31.g5 hxg5 32.Bxg5 Ne8 33.Qg4 Qb5 34.Rd2 f6 35.Be3 Rc8 36.h4 Nd3
37.Bf1 Rc1 38.Rd1 Rc3 39.Be2 d5 40.Kg1 Nd6 41.Bf3 d4 42.Bd2 Nb2 43.Bxc3 bxc3
44.Rc1 Qd3 45.Kh1 Qe3 46.Rg1 Qh6 47.Qg6 Qxh4+ 48.Kg2 Nd3 49.Qg3 Qxg3+ 50.Kxg3 c2
51.a4 c1=Q 52.Rxc1 Nxc1 53.b4 Nd3 54.b5 Nb2 55.a5 Nxb5 56.Kf2 Kf8 57.Ke2 Ke7
58.a6 Kd6 59.Kd2 Kc5 60.Ke2 Nc7  0-1

[Event "It"]
[Site "Tel Aviv ISR"]
[Date "2002.08.13"]
[Round "4"]
[White "Kaganskiy,G"]
[Black "Bar,R"]
[Result "1/2-1/2"]
[WhiteElo "2332"]
[BlackElo "2433"]

1.Nf3 Nf6 2.c4 e6 3.Nc3 c5 4.g3 b6 5.Bg2 Bb7 6.O-O Be7 7.Re1 a6 8.e4 d6 9.d4 cxd4
10.Nxd4 Qc7 11.Be3 Nbd7 12.f4 O-O 13.Rc1 Rfe8 14.Bf2 h6 15.b3 Rad8 16.f5 exf5
17.Nd5 Qb8 18.Nxf5 Nxd5 19.exd5 Bg5 20.Rc2 Qc7 21.Rce2 Rxe2 22.Qxe2 Bf6 23.Qd2 Ne5
24.Kh1 Bc8 25.Nd4 Bd7 26.Nf3 Nxf3 27.Bxf3 b5 28.cxb5 Bxb5 29.Rc1 Qb7  1/2-1/2

[Event "11th Open"]
[Site "Kavala GRE"]
[Date "2002.08.14"]
[Round "6"]
[White "Angelis,M"]
[Black "Szabo,Zso2"]
[Result "0-1"]
[WhiteElo "2261"]
[BlackElo "2447"]

1.c4 Nf6 2.Nc3 c5 3.Nf3 b6 4.e4 d6 5.d4 cxd4 6.Nxd4 Bb7 7.Bd3 e6 8.Qe2 Nbd7
9.b3 a6 10.Bb2 g6 11.Rd1 Bg7 12.O-O O-O 13.Rfe1 Qc7 14.Bb1 Rfd8 15.Kh1 Nc5
16.b4 Ncd7 17.Bc2 Rac8 18.Bb3 Ne5 19.Rc1 Qb8 20.f4 Ned7 21.f5 exf5 22.exf5 Re8
23.Qd2 Qa8 24.Rxe8+ Rxe8 25.Rf1 Ne5 26.fxg6 hxg6 27.Ba3 Bh6 28.Qf2 Be3 29.Qxe3 Bxg2+
30.Kg1 Bxf1 31.Kxf1 Nxc4 32.Qxe8+ Qxe8 33.Bxc4 Qc8  0-1

[Event "Open"]
[Site "Birstonas LIT"]
[Date "2002.08.18"]
[Round "2"]
[White "Butnorius,A"]
[Black "Krivousas,T"]
[Result "1-0"]
[WhiteElo "2436"]
[BlackElo "2238"]

1.c4 c5 2.Nc3 Nf6 3.Nf3 e6 4.g3 b6 5.Bg2 Bb7 6.O-O a6 7.Re1 Qc7 8.e4 d6 9.d4 cxd4
10.Nxd4 Qxc4 11.Bg5 Be7 12.Rc1 Qb4 13.Nb3 Ra7 14.Bf1 d5 15.Bf4 Nxe4 16.Nxe4 dxe4
17.Bxb8 Ra8 18.Be5 f6 19.a3 Qa4 20.Rc4 Qb5 21.Rc8+ Rxc8 22.Bxb5+ axb5 23.Bc3 Bd5
24.Nd2 O-O 25.Qe2 Bxa3 26.Qxb5 Bc5 27.Nxe4 Bc6 28.Qe2 Be7 29.Nd6 Bxd6 30.Qxe6+ Kh8
31.Qxd6 Rfd8 32.Qf4 Rd7 33.g4 Rcd8 34.f3 Rd3 35.Kf2  1-0

[Event "Open"]
[Site "Birstonas LIT"]
[Date "2002.08.20"]
[Round "4"]
[White "Zagorskis,D"]
[Black "Krivousas,T"]
[Result "1/2-1/2"]
[WhiteElo "2477"]
[BlackElo "2238"]

1.c4 c5 2.Nc3 Nf6 3.Nf3 e6 4.d4 cxd4 5.Nxd4 a6 6.e4 d6 7.Be2 Be7 8.Be3 Qc7
9.Rc1 b6 10.a3 Bb7 11.f3 Nbd7 12.b4 Rc8 13.Nb3 Qb8 14.O-O O-O 15.Qd2 Rfd8
16.Rfd1 Ba8 17.Bf1 Ne5 18.Na4 b5 19.Nb6 Rc6 20.Nxa8 Qxa8 21.Na5 Nxc4 22.Bxc4 bxc4
23.Nxc6 Qxc6 24.Bd4 d5 25.exd5 exd5 26.Qb2 h6 27.Rc2 Ne8  1/2-1/2

[Event "13th Summer Open"]
[Site "Recklinghausen GER"]
[Date "2002.08.20"]
[Round "3"]
[White "Simon,HC"]
[Black "Mueller,Mart"]
[Result "1-0"]
[WhiteElo "2205"]
[BlackElo "2109"]

1.Nf3 Nf6 2.c4 c5 3.Nc3 b6 4.g3 Bb7 5.Bg2 e6 6.O-O a6 7.d4 cxd4 8.Qxd4 d6
9.b3 Nbd7 10.Rd1 Qc7 11.e4 Be7 12.Ba3 Nc5 13.e5 dxe5 14.Qxe5 Rc8 15.Qxc7 Rxc7
16.Ne5 Bxg2 17.Kxg2 Nce4 18.Nxe4 Nxe4 19.Bxe7 Kxe7 20.Rd4 Nd6 21.Rad1 Rd8
22.R1d2 Nb7 23.f4 f6 24.Nf3 b5 25.cxb5 axb5 26.Rxd8 Nxd8 27.a4 Rc3 28.axb5 Rxb3
29.Nd4 Rc3 30.Ra2 Kd6 31.Ra8 Kd7 32.b6 Rc4 33.Ra7+ Kc8 34.Nb5 Nb7 35.Ra8+ Kd7
36.Na7 Nd8 37.Kh3 Rb4 38.Rxd8+ Kxd8 39.Nc6+ Kc8 40.Nxb4  1-0

[Event "Saraybahce GP"]
[Site "Kocaeli TUR"]
[Date "2002.08.21"]
[Round "5"]
[White "Grunberg,M"]
[Black "Laciner,K"]
[Result "1/2-1/2"]
[WhiteElo "2445"]
[BlackElo "2220"]

1.Nf3 Nf6 2.c4 c5 3.Nc3 d5 4.cxd5 Nxd5 5.g3 Nc6 6.Qa4 Nc7 7.Bg2 Bd7 8.Qe4 g6
9.Ne5 Bg7 10.Nxd7 Qxd7 11.O-O O-O 12.a3 Rac8 13.Rb1 Ne6 14.b4 b6 15.b5 Ncd4
16.e3 Nf5 17.Qd5 Rfd8 18.Qxd7 Rxd7 19.Bc6 Rd3 20.g4 Nd6 21.Bf3  1/2-1/2

[Event "13th Summer Open"]
[Site "Recklinghausen GER"]
[Date "2002.08.21"]
[Round "5"]
[White "Kern,G"]
[Black "Mueller,Mart"]
[Result "1-0"]
[WhiteElo "2329"]
[BlackElo "2109"]

1.c4 Nf6 2.Nc3 c5 3.Nf3 b6 4.e3 Bb7 5.d4 cxd4 6.exd4 e6 7.a3 d6 8.d5 e5 9.Be2 g6
10.Bg5 Bg7 11.Nd2 h6 12.Be3 O-O 13.h4 Ne8 14.g4 f5 15.f3 Bf6 16.Bf2 Be7 17.h5 e4
18.fxe4 fxg4 19.Bxg4 Nd7 20.Bxd7 Qxd7 21.hxg6 Nf6 22.Rg1 Bc8 23.g7 Rf7 24.Qe2 Qh3
25.Qf3 Qxf3 26.Nxf3 Nxe4 27.Nxe4 Rxf3 28.Ke2 Rf4 29.Ke3 Rf7 30.Bg3 Ba6 31.Bxd6 Re8
32.Bxe7 Rfxe7 33.Rg4 Bc8 34.Rf4 Bf5 35.Rxf5 Rxe4+ 36.Kd3 Re3+ 37.Kc2 R8e4
38.Rg1 Rxc4+ 39.Kd2 Re8 40.Kd3 Rc7 41.Kd4 Rc2 42.b4 Rce2 43.Rg3 Rd2+ 44.Kc3 Ra2
45.Kb3 Rd2 46.Rf6  1-0

[Event "XIV Open"]
[Site "Porto San Giorgio ITA"]
[Date "2002.08.22"]
[Round "3"]
[White "Kohlweyer,B"]
[Black "Campora Perez,D"]
[Result "1-0"]
[WhiteElo "2452"]
[BlackElo "2136"]

1.Nf3 Nf6 2.c4 e6 3.Nc3 c5 4.g3 d5 5.cxd5 Nxd5 6.Bg2 Nc6 7.O-O Be7 8.d4 O-O
9.Nxd5 exd5 10.dxc5 Bxc5 11.Bg5 f6 12.Bd2 Be6 13.Ne1 Re8 14.Nd3 Bb6 15.Re1 Bf7
16.Rc1 Rc8 17.a3 Qd7 18.Bb4 Nxb4 19.axb4 Rxc1 20.Qxc1 Rc8 21.Qd2 d4 22.Rc1 Bc4
23.Nf4 Rc7 24.Rxc4  1-0

[Event "Open"]
[Site "Nikea GRE"]
[Date "2002.08.23"]
[Round "5"]
[White "Kritsikis,E"]
[Black "Stiri,A"]
[Result "0-1"]
[WhiteElo "2003"]
[BlackElo "2153"]

1.Nf3 Nf6 2.c4 e6 3.Nc3 c5 4.g3 b6 5.Bg2 Bb7 6.O-O a6 7.Re1 Qc7 8.e4 d6 9.d4 cxd4
10.Nxd4 Be7 11.Be3 O-O 12.Rc1 Nbd7 13.f4 Rac8 14.g4 Nc5 15.Bf2 Rfd8 16.g5 Ne8
17.Re3 e5 18.Rh3 exd4 19.Qh5 Bxg5 20.Qxh7+ Kf8 21.Bxd4 Bxf4 22.Qh8+ Ke7 23.Rf1 Be5
24.Be3 Nf6 25.Qh4 Rh8 26.Qg5 Rxh3 27.Bxh3 Rh8 28.Bg4 Bxh2+ 29.Kf2 Be5 30.Ke2 Nxe4
31.Nxe4 Qxc4+ 32.Ke1 Qxe4 33.Bf3 Qb1+ 34.Bd1 Qxb2 35.Bd2 Qd4 36.Qxg7 Qxd2+
37.Kxd2 Ne4+ 38.Kc2 Bxg7 39.Re1 Rh2+ 40.Kb3 Bd5+ 41.Ka3 Bb2+ 42.Ka4 b5+  0-1

[Event "22nd Open"]
[Site "Bratto ITA"]
[Date "2002.08.24"]
[Round "5"]
[White "Drabke,L"]
[Black "Bresciani,N"]
[Result "1/2-1/2"]
[WhiteElo "2362"]
[BlackElo "2270"]

1.c4 Nf6 2.Nc3 c5 3.Nf3 b6 4.d4 cxd4 5.Nxd4 Bb7 6.f3 e6 7.e4 d6 8.Be3 Be7
9.Be2 O-O 10.O-O a6 11.Qd2 Nbd7 12.Rfc1 Rc8 13.Bf1 Ne5 14.Na4 Nfd7 15.b4 d5
16.exd5 exd5 17.cxd5 b5 18.Rxc8 Bxc8 19.Nc6 Nxc6 20.dxc6 bxa4 21.cxd7 Qxd7
22.Qxd7 Bxd7 23.Bc5 Bxc5+ 24.bxc5 Bb5 25.Rb1 Rb8 26.Kf2 Kf8 27.Ke3 Re8+ 28.Kd2 Bxf1
29.Rxf1 Rb8 30.Rc1 Ke7 31.Kc3 a3 32.Rc2 Kd7 33.Rd2+ Kc7 34.Rd6 Rb2 35.g4 Rxa2
36.Rxa6 Rxh2 37.Rxa3 Kc6 38.Ra7 Kxc5 39.Rxf7 g6 40.Kd3 Kd5 41.Re7  1/2-1/2

[Event "13th Summer Open"]
[Site "Recklinghausen GER"]
[Date "2002.08.24"]
[Round "8"]
[White "Simon,HC"]
[Black "Heckoetter,C"]
[Result "1-0"]
[WhiteElo "2205"]
[BlackElo "2050"]

1.Nf3 Nf6 2.c4 c5 3.Nc3 e6 4.g3 b6 5.Bg2 Bb7 6.O-O Be7 7.d4 cxd4 8.Qxd4 d6
9.b3 a6 10.Rd1 Nbd7 11.e4 Qb8 12.Bb2 O-O 13.Qe3 Ra7 14.Nd4 Rd8 15.Re1 Ba8
16.Rad1 Rc7 17.Qe2 Bf8 18.f4 Bb7 19.f5 e5 20.Nc2 Bc6 21.Nb4 Bb7 22.Bf3 g6
23.g4 Ne8 24.g5 Ng7 25.Bg4 Nc5 26.Nbd5 Bxd5 27.Nxd5 Rb7 28.Rc1 b5 29.Rc3 Qa7
30.Kg2 bxc4 31.Nf6+ Kh8 32.Rh3 Nh5 33.Bxh5  1-0

[Event "Ciuc Premium A1"]
[Site "Miercurea Ciuc ROM"]
[Date "2002.08.25"]
[Round "9"]
[White "Stuermer,M"]
[Black "Stanescu,C"]
[Result "1/2-1/2"]
[WhiteElo "2052"]
[BlackElo "2122"]

1.Nf3 Nf6 2.c4 g6 3.Nc3 c5 4.d4 cxd4 5.Nxd4 Bg7 6.e4 O-O 7.Be2 Nc6 8.Be3 d6
9.O-O Bd7 10.f3 a6 11.Qd2 Rb8  1/2-1/2

[Event "VI BCX"]
[Site "Brasilia BRA"]
[Date "2002.08.26"]
[Round "2"]
[White "Kubrusly,J"]
[Black "Lima,Da"]
[Result "0-1"]
[WhiteElo "2255"]
[BlackElo "2541"]

1.Nf3 c5 2.c4 Nf6 3.Nc3 e6 4.g3 Nc6 5.Bg2 d5 6.cxd5 Nxd5 7.d4 Be7 8.O-O O-O
9.Rb1 Bf6 10.e3 b6 11.Ne5 Nxe5 12.dxe5 Bxe5 13.Nxd5 exd5 14.Qxd5 Bf5 15.Qxd8 Raxd8
16.e4 Be6 17.b3 c4 18.Ba3 Rfe8 19.Rfc1 cxb3 20.axb3 Rd3 21.Bb2 Bxb2 22.Rxb2 a5
23.Rcb1 Red8 24.Bf1 Rc3 25.Bc4 Rd4 26.Re1 Kf8 27.Kg2 Bg4 28.f4 Bf3+ 29.Kf2 Bxe4
30.Re3 Rc1 31.Rbe2 f5 32.g4 g6 33.gxf5 gxf5 34.Rg3 a4 35.Rg8+ Ke7 36.Rg7+ Kd6
37.Ra7 axb3 38.Bxb3 Rd3 39.Re3 Rxe3  0-1

[Event "ch-RUS"]
[Site "Krasnodar RUS"]
[Date "2002.08.27"]
[Round "1"]
[White "Namgilov,S"]
[Black "Timofeev,Ar"]
[Result "0-1"]
[WhiteElo "2477"]
[BlackElo "2558"]

1.Nf3 Nf6 2.c4 g6 3.Nc3 c5 4.e4 Nc6 5.d4 cxd4 6.Nxd4 Nxd4 7.Qxd4 d6 8.Bg5 Bg7
9.Qd2 O-O 10.Bd3 Nd7 11.Nd5 Re8 12.O-O Nc5 13.Rad1 Bg4 14.f3 Be6 15.Kh1 Rc8
16.b3 a5 17.Bc2 Bxd5 18.exd5 Bf6 19.Be3 Qb6 20.a3 Qa6 21.Qe2 e6 22.f4 exd5
23.f5 g5 24.Rxd5 a4 25.b4 Ne4 26.b5 Qa5 27.b6 Qc3 28.Bxa4 Ng3+ 29.hxg3 Rxe3
30.Qd1 Rxg3 31.Bb5 Be5 32.Qe2 Qxa3 33.Rfd1 Qc3 34.f6 Re3 35.Qd2 g4 36.Qf2 g3
37.Qf1 Re4 38.R5d3 Rh4+  0-1

[Event "ch-RUS"]
[Site "Krasnodar RUS"]
[Date "2002.08.27"]
[Round "1"]
[White "Popov,Val"]
[Black "Cherniaev,A1"]
[Result "1-0"]
[WhiteElo "2579"]
[BlackElo "2509"]

1.Nf3 Nf6 2.c4 e6 3.Nc3 c5 4.g3 Nc6 5.Bg2 d5 6.cxd5 Nxd5 7.O-O Be7 8.d4 O-O
9.Rb1 cxd4 10.Nxd4 Nxd4 11.Qxd4 Bf6 12.Qc4 Nxc3 13.bxc3 Rb8 14.Ba3 Re8 15.Rfd1 Qa5
16.Bd6 Ra8 17.Rd3 a6 18.Bc7 Qa3 19.Bd6 Qa5 20.Bc7 Qa3 21.h4 h6 22.Bd6 Qa5
23.Bc7 Qa3 24.Be4 Be7 25.Bxb7 Bxb7 26.Rxb7 Rec8 27.Rd7 Qc1+ 28.Kg2 Bf6 29.Rxf7 Qxc3
30.Qxe6 Kh8 31.Bf4 Re8 32.Qg4 Qc4 33.Rxg7  1-0

[Event "GP"]
[Site "Izmir TUR"]
[Date "2002.09.01"]
[Round "5"]
[White "Mastrovasilis,A"]
[Black "Bayram,Y"]
[Result "1-0"]
[WhiteElo "2461"]
[BlackElo "2281"]

1.c4 c5 2.Nf3 Nf6 3.Nc3 g6 4.g3 Bg7 5.Bg2 O-O 6.d4 d5 7.dxc5 dxc4 8.Qxd8 Rxd8
9.Ne5 Nbd7 10.Nxc4 Nxc5 11.Be3 Be6 12.Na5 Nd5 13.Bxc5 Nxc3 14.Bxb7 Bd5 15.Bxa8 Bxa8
16.f3 Na4 17.Ba3 Nxb2 18.O-O g5 19.Rab1 Na4 20.Bxe7 Bd4+ 21.Kh1 Re8 22.Rb4 Bb6
23.Rxa4 Rxe7 24.Nc4 Bc5 25.Ra5 Rc7 26.Rd1 Kg7 27.Nd6 Kg6 28.Rc1  1-0

[Event "GP"]
[Site "Izmir TUR"]
[Date "2002.09.01"]
[Round "5"]
[White "Mchedlishvili,M"]
[Black "Pantsulaia,L"]
[Result "1/2-1/2"]
[WhiteElo "2550"]
[BlackElo "2436"]

1.Nf3 c5 2.c4 Nf6 3.Nc3 e6 4.e3 Nc6 5.d4 cxd4 6.exd4 d5 7.cxd5 Nxd5 8.Bc4 Bb4
9.Qd3 O-O 10.O-O Be7 11.a3 Nxc3 12.bxc3 b6 13.Qe4 Bb7 14.Bd3 g6 15.Qg4 Rc8
16.Re1 Na5 17.Ne5 f5 18.Qg3 Bh4 19.Qe3 Rxc3 20.Bd2 Rb3 21.Bb4 Re8 22.Rab1 Qd5
23.Nf3 Bf6 24.Qe2 Rxb1 25.Bxb1 Nc6 26.Bc3 Kg7 27.Ba2 Qd6 28.Qb2 Re7 29.h4 a5
30.Ng5 Nxd4 31.Nxe6+ Rxe6 32.Rxe6 Nxe6 33.Bxf6+ Kf7 34.Bxe6+ Qxe6 35.Be5 a4
36.f3 Qb3 37.Qc3  1/2-1/2

[Event "VII Open"]
[Site "Cesenatico ITA"]
[Date "2002.09.02"]
[Round "2"]
[White "Ivanov,MM"]
[Black "Ronchetti,N"]
[Result "1-0"]
[WhiteElo "2489"]
[BlackElo "2117"]

1.Nf3 Nf6 2.c4 e6 3.Nc3 c5 4.e4 d6 5.d4 cxd4 6.Nxd4 a6 7.g3 Qc7 8.Qe2 b6
9.Bg2 Bb7 10.O-O Nbd7 11.Bd2 Be7 12.Rac1 O-O 13.f4 Rac8 14.b3 Rfe8 15.f5 Bf8
16.fxe6 fxe6 17.Bh3 Qc5 18.Be3 Qe5 19.Bxe6+ Rxe6 20.Rf5 Nxe4 21.Rxe5 Nxc3
22.Rxe6 Nxe2+ 23.Nxe2 d5 24.Nf4 dxc4 25.Rxc4 Rxc4 26.bxc4 Kf7 27.h4 b5 28.cxb5 axb5
29.Bd4 g6 30.Re1 Bd6 31.Ne6 Bd5 32.Ng5+ Kf8 33.Nxh7+ Kg8 34.Ng5 Bxa2 35.Re8+ Nf8
36.Rd8 Bb4 37.Rb8 Bd6 38.Rxb5 Bxg3 39.Rb7 Ne6 40.Nxe6 Bxe6 41.Rg7+ Kf8 42.Rxg6  1-0

[Event "21st NAO"]
[Site "Las Vegas USA"]
[Date "2002.09.02"]
[Round "9"]
[White "Donaldson,J"]
[Black "Langer,M"]
[Result "1/2-1/2"]
[WhiteElo "2437"]
[BlackElo "2274"]

1.Nf3 c5 2.c4 Nf6 3.Nc3 d5 4.cxd5 Nxd5 5.g3 Nc6 6.Bg2 Nc7 7.d3 e5 8.Nd2 Bd7
9.O-O Be7 10.Nc4 O-O 11.a4 b6 12.f4 exf4 13.Bxf4 Ne6 14.Nd5 Nxf4 15.Nxf4 Rc8
16.e3 Bf5 17.Nd5 Be6 18.Nf4 Bf5 19.Nd5  1/2-1/2

[Event "IM"]
[Site "Kostrena CRO"]
[Date "2002.09.03"]
[Round "6"]
[White "Levar,N"]
[Black "Mandekic,I"]
[Result "0-1"]
[WhiteElo "2249"]
[BlackElo "2258"]

1.Nf3 c5 2.c4 Nf6 3.Nc3 e6 4.g3 b6 5.Bg2 Bb7 6.O-O Be7 7.d4 cxd4 8.Qxd4 Nc6
9.Qd3 O-O 10.b3 Rc8 11.Rd1 d5 12.Bb2 dxc4 13.Qxc4 Qc7 14.Rac1 Rfd8 15.Rxd8+ Qxd8
16.Rd1 Qe8 17.Qf4 Nb4 18.a3 Nbd5 19.Nxd5 Bxd5 20.Nd4 Rd8 21.Bxd5 Rxd5 22.Qc1 Qd7
23.Rd3 Bc5 24.b4 Bxd4 25.Rxd4 h6 26.Rxd5 Nxd5 27.Qd2 b5 28.e4 Nb6 29.Qxd7 Nxd7
30.Bd4 a6 31.f4 f5 32.exf5 exf5 33.Kf2 Kf7 34.Ke3 Nb8 35.Bc3 Nc6 36.Kd3 g6
37.h3 h5 38.Bd4 Ke6 39.Bc3 Kd5 40.Bf6 Na7 41.Bd4 Nc6 42.Bc3 Nd8 43.Be5 Ne6
44.Bf6 Nf8 45.h4 Nd7 46.Bd4 Nb8 47.Bb2 Nc6 48.Bc3 Na7 49.Bb2 Nc8 50.Bc3 Nd6
51.Bd2 Nc4 52.Bc1 a5 53.bxa5 Nxa5 54.Bd2 Nc4 55.Bc1 Kc5 56.Kc3 Kd5 57.Kb4 Nd6
58.Be3 Kc6 59.Kc3 Ne4+ 60.Kd4 Kd6 61.Bc1 Nxg3 62.Bb2 Ne4 63.Bc3 Nxc3 64.Kxc3 Kc5
65.Kd3 Kd5 66.Kc3 Ke4 67.Kb4 Kxf4 68.Kxb5 Kg4 69.a4 f4  0-1

[Event "ch-RUS"]
[Site "Krasnodar RUS"]
[Date "2002.09.03"]
[Round "8"]
[White "Makarov,M"]
[Black "Savchenko,B"]
[Result "0-1"]
[WhiteElo "2512"]
[BlackElo "2366"]

1.Nf3 c5 2.c4 Nf6 3.Nc3 e6 4.g3 b6 5.Bg2 Bb7 6.O-O Be7 7.Re1 d5 8.cxd5 exd5
9.d4 Nbd7 10.dxc5 bxc5 11.Nh4 Nb6 12.Nf5 O-O 13.Bf4 Bc6 14.e4 dxe4 15.Nxe7+ Qxe7
16.Bd6 Qb7 17.Bxf8 Rxf8 18.Qd6 Nbd7 19.Rab1 Re8 20.b4 Qa8 21.bxc5 Ne5 22.Nb5 Re6
23.Nc7 Rxd6 24.Nxa8 Rd8 25.Nc7 g6 26.Na6 Rd4 27.Rb4 Rd2 28.Reb1 e3 29.Bxc6 Nxc6
30.R4b2 exf2+ 31.Kg2 Ne4 32.Nb8 Nd4 33.c6 f1=Q+ 34.Kxf1 Nf3 35.Rxd2 Nfxd2+
36.Ke2 Nxb1 37.Kd3 Nd6 38.a4 Kf8 39.c7 Na3 40.Nc6 Ke8 41.Nxa7 Kd7 42.c8=Q+ Nxc8
43.Nxc8 Kxc8 44.Kc3 f5  0-1

[Event "VII Open"]
[Site "Cesenatico ITA"]
[Date "2002.09.05"]
[Round "6"]
[White "Zentgraf,A"]
[Black "Benedetti,F"]
[Result "1/2-1/2"]
[WhiteElo "2131"]
[BlackElo "2223"]

1.c4 c5 2.Nc3 Nf6 3.Nf3 d5 4.cxd5 Nxd5 5.e3 e6 6.d4 cxd4 7.exd4 Be7 8.Bd3 Nc6
9.a3 b6 10.O-O O-O 11.Re1 Bb7 12.Bc2 Nxc3 13.bxc3 Bf6 14.Qd3 g6 15.Bh6 Re8
16.Rad1 Rc8 17.Ba4 Qd6 18.Nd2 Bg7 19.Nc4 Qc7 20.Bxg7 Kxg7 21.Ne3 Red8 22.Bxc6 Qxc6
23.c4 Qd6 24.Qd2 h5 25.Qb2 Qf4 26.d5+ Qf6 27.Qb3 exd5 28.Nxd5  1/2-1/2

[Event "IM"]
[Site "Kostrena CRO"]
[Date "2002.09.06"]
[Round "9"]
[White "Loncar,R"]
[Black "Mandekic,I"]
[Result "1-0"]
[WhiteElo "2430"]
[BlackElo "2258"]

1.Nf3 Nf6 2.c4 c5 3.Nc3 e6 4.g3 Nc6 5.Bg2 a6 6.O-O Be7 7.d4 cxd4 8.Nxd4 Qc7
9.b3 d6 10.Bb2 O-O 11.Rc1 Nxd4 12.Qxd4 Bd7 13.Rfd1 Rfd8 14.h3 Be8 15.e4 Rac8
16.Kh2 Qb8 17.a4 b6 18.f4 Bf8 19.Qe3 Nd7 20.Ne2 b5 21.cxb5 axb5 22.a5 b4
23.Bd4 Nc5 24.e5 Bb5 25.exd6 Bxe2 26.Qxe2 Bxd6 27.Rc4 Nxb3 28.Bb6 Bc7 29.Rxb4 Rxd1
30.Qxd1 Nc1 31.Qxc1  1-0

[Event "SUI-GER"]
[Site "Zurich GER"]
[Date "2002.09.07"]
[Round "1"]
[White "Korchnoi,V"]
[Black "Lutz,C"]
[Result "1/2-1/2"]
[WhiteElo "2626"]
[BlackElo "2655"]

1.c4 Nf6 2.Nc3 c5 3.Nf3 e6 4.e4 Nc6 5.Be2 d5 6.exd5 exd5 7.d4 Be6 8.cxd5 Nxd5
9.O-O Be7 10.dxc5 Nxc3 11.bxc3 Qxd1 12.Rxd1 Bxc5 13.Rb1 O-O 14.Rxb7 Bxa2
15.Rb5 Be7 16.c4 Rfd8 17.Rxd8+ Rxd8 18.Be3 a5 19.Rb6 Rc8 20.Nd2 Ne5 21.c5 Bd5
22.Rb5 Nd7 23.Bg4 Rc7 24.Bxd7 Rxd7 25.Rxa5 f6 26.g3 Kf7 27.Kf1 g5 28.Ke2 Bc6
29.Nb3 Bd8 30.Ra3 Bb5+ 31.Ke1 Be7 32.Nd4 Bc4 33.Ra5 Rc7 34.Nf5 Bf8 35.h4 Be6
36.Nd6+ Bxd6 37.cxd6 Rd7 38.Bc5 gxh4 39.gxh4 Rb7 40.Kd2 Bd7 41.Ra3 Rb2+ 42.Kc3 Rb1
43.Kc2 Re1 44.Rf3 Re4 45.Kb2 Ke6 46.Re3  1/2-1/2

[Event "Kaissa I"]
[Site "Alushta UKR"]
[Date "2002.09.11"]
[Round "15"]
[White "Shtyrenkov,V"]
[Black "Agamaliev,G"]
[Result "1/2-1/2"]
[WhiteElo "2457"]
[BlackElo "2489"]

1.Nf3 Nf6 2.c4 c5 3.Nc3 e6 4.e4 Nc6 5.Be2 d5 6.cxd5 exd5 7.d4 Be6 8.exd5 Nxd5
9.O-O Be7 10.Nxd5 Qxd5 11.Be3 cxd4 12.Nxd4 Nxd4 13.Qxd4 Qxd4 14.Bxd4 O-O
15.Bf3 Rfd8 16.Rfd1 Bd5 17.Bxd5 Rxd5 18.Be3 Rxd1+ 19.Rxd1 a6 20.Kf1 Rd8 21.Rxd8+ Bxd8  1/2-1/2

[Event "VI Pablo Gorbea Mem"]
[Site "Madrid ESP"]
[Date "2002.09.20"]
[Round "5"]
[White "Pogorelov,R"]
[Black "Spraggett,K"]
[Result "1/2-1/2"]
[WhiteElo "2453"]
[BlackElo "2533"]

1.Nf3 c5 2.c4 Nf6 3.Nc3 e6 4.g3 a6 5.Bg2 Qc7 6.O-O d6 7.b3 Be7 8.Bb2 O-O
9.d4 cxd4 10.Nxd4 Nc6 11.Rc1 Nxd4 12.Qxd4 Bd7 13.Rfd1 Rfd8 14.h3 Be8 15.g4 h6
16.h4 Bf8 17.g5 hxg5 18.hxg5 Nh7 19.Qg4 Bc6 20.g6 Nf6 21.Qh3 fxg6 22.Qxe6+ Qf7
23.Qxf7+ Kxf7 24.Nd5 Rac8 25.a4 Re8 26.e3 Nxd5 27.Bxd5+ Bxd5 28.Rxd5 Be7
29.Rcd1 Rc6 30.Ba3 Ke6 31.Kg2 Rh8 32.f4 Rb8 33.Kf3 b5 34.axb5 axb5 35.cxb5 Rcb6
36.R5d4 R8b7 37.Kg4 Rxb5 38.Bxd6 Rxb3 39.Re4+ Kf7 40.Bxe7 Rxe7 41.Rxe7+ Kxe7
42.e4 Re3 43.e5 Ke8 44.Rd6 Kf7 45.Ra6 Re1 46.Ra7+ Kf8 47.Kf3 g5 48.fxg5  1/2-1/2

[Event "ECC"]
[Site "Halkidiki GRE"]
[Date "2002.09.23"]
[Round "2"]
[White "Novkovic,Mi"]
[Black "Stojanovski,D"]
[Result "1/2-1/2"]
[WhiteElo "2375"]
[BlackElo "2416"]

1.Nf3 Nf6 2.c4 c5 3.Nc3 g6 4.d4 cxd4 5.Nxd4 Nc6 6.e4 d6 7.Be2 Nxd4 8.Qxd4 Bg7
9.Be3 O-O 10.Qd2 Be6 11.O-O Qa5 12.Rab1 Rfc8 13.b3 Ng4 14.Nd5 Qxd2 15.Bxd2 Kf8
16.Bg5 Bxd5 17.exd5 Nf6 18.Rbc1 Ne4 19.Bh4 g5 20.Bf3 Nd2 21.Bxg5 Nxf1 22.Kxf1 a6
23.Be2 b5 24.Rd1 Rc7 25.Bd2 bxc4 26.Bxc4 a5 27.a4 Bb2 28.Re1 Bf6  1/2-1/2